000 00596cam a22002171 4500
001 he 66001534
003 DLC
005 20260227111441.0
008 810514s1958 nyuac 000 0 yid
010 _ahe 66001534
035 _a(OCoLC)7420762
040 _aDLC
_cOCl
_dTxU
_dDLC
042 _apremarc
050 0 0 _aPN519.H4
_bS6
100 1 _aSorgen, Morris,
_d1898-
245 1 0 _aEseyen vegn literatur
_c[fun] Mosheh Vityes.
260 _aNyu-York,
_bFeder,
_c718, 1958.
300 _a277 p.
_billus., port.
_c24 cm.
500 _aAdded t. p.: Essays on literature.
650 0 _aLiterature.
999 _c31923
_d31923